A multilevel study of elementary male black students and white students (Record no. 73113)

MARC details
000 -CABECERA
campo de control de longitud fija 00676nam a2200241 a 4500
005 - FECHA Y HORA DE LA ÚLTIMA TRANSACCIÓN
campo de control 20210219153303.0
008 - ELEMENTOS DE LONGITUD FIJA--INFORMACIÓN GENERAL
campo de control de longitud fija 991125n 000 0 u
035 ## - NÚMERO DE CONTROL DEL SISTEMA
Número de control de sistema UPN01000088611
100 ## - ASIENTO PRINCIPAL--NOMBRE PERSONAL
Nombre de persona Kennedy, Eugene
222 ## - TÍTULO CLAVE
Título clave JOURNAL OF EDUCATIONAL RESEARCH
245 ## - MENCIÓN DE TÍTULO
Título A multilevel study of elementary male black students and white students
300 ## - DESCRIPCIÓN FÍSICA
Extensión 105-110
362 ## - FECHAS DE PUBLICACIÓN Y/O DESIGNACIÓN SECUENCIAL
Fecha de publicación y/o designación secuencial 86, No. 2, 1992
505 ## - NOTA DE CONTENIDO CON FORMATO PREESTABLECIDO
Nota de contenido con formato Agosto 1993
653 0# - TERMINO DE INDIZACION - NO CONTROLADO
Término no controlado BLANCOS
653 0# - TERMINO DE INDIZACION - NO CONTROLADO
Término no controlado CARACTERISTICAS INSTITUCIONALES
653 0# - TERMINO DE INDIZACION - NO CONTROLADO
Término no controlado MASCULINO
653 0# - TERMINO DE INDIZACION - NO CONTROLADO
Término no controlado NEGROS
653 0# - TERMINO DE INDIZACION - NO CONTROLADO
Término no controlado PARTICIPACION DEL ESTUDIANTE
653 0# - TERMINO DE INDIZACION - NO CONTROLADO
Término no controlado RENDIMIENTO ACADEMICO
904 ## - ELEMENTOS DE DATOS D LOCAL, LDD (RLIN)
a AC
b 026422
905 ## - TIPO DE MATERIAL
Tipo de material Articulo

No items available.